logo

Bir Sreshtho Munshi Abdur Rouf Library
Jhenaidah Cadet College

Archaeological Heritage / (Record no. 11365)

MARC details
000 -LEADER
fixed length control field 00711nam a2200241 a 4500
001 - CONTROL NUMBER
JCCL Control Number 11365
003 - CONTROL NUMBER IDENTIFIER
JCCL marc code BD-JhCC
005 - DATE AND TIME OF LATEST TRANSACTION
control field 20190902114919.0
008 - FIXED-LENGTH DATA ELEMENTS--GENERAL INFORMATION
fixed length control field 190902s2007 bg a|||| |||| 001 0 eng d
020 ## - INTERNATIONAL STANDARD BOOK NUMBER
International Standard Book Number 984300000965
035 ## - SYSTEM CONTROL NUMBER
system control number (BD-JhCC)11365
040 ## - CATALOGING SOURCE
Original cataloging agency BD-JhCC
Modifying agency BD-JhCC
041 ## - LANGUAGE CODE
Language code of Book eng
082 ## - DEWEY DECIMAL CLASSIFICATION NUMBER
Classification number 930.1095492
Author mark and Year ARC 2007
245 ## - TITLE STATEMENT
Title Archaeological Heritage /
Statement of responsibility, etc Edited by Sufi Mostafizur Rahman
260 ## - PUBLICATION, DISTRIBUTION, ETC. (IMPRINT)
Place of publication, distribution, etc Dhaka :
Name of publisher, distributor, etc Asiatic Society Bangladesh,
Date of publication, distribution, etc 2007
300 ## - PHYSICAL DESCRIPTION
Pagination xxvi, 591 p.:
Other physical details ill. ;
Dimensions 24 cm.
490 ## - SERIES STATEMENT
Series statement Cultural Survey of Bangladesh series - 1
650 ## - SUBJECT ADDED ENTRY--TOPICAL TERM
Topical term or geographic name as entry element Excavations (Archaeology)
Geographic subdivision Bangladesh
650 ## - SUBJECT ADDED ENTRY--TOPICAL TERM
Topical term or geographic name as entry element Antiquities
700 ## - ADDED ENTRY--PERSONAL NAME
Personal name Rahman, Sufi Mostafizur
942 ## - ADDED ENTRY ELEMENTS (KOHA)
Source of classification or shelving scheme Dewey Decimal Classification
Koha item type Books
Holdings
Source of classification or shelving scheme Damaged status Not for loan Home library Current library Shelving location Date of accession Cost, normal purchase price Total Checkouts Full call number Barcode Date last seen Copy number Koha item type
Dewey Decimal Classification     JCC Rouf Library JCC Rouf Library General Stacks 09/02/2019 1000.00   930.1095492 ARC 2007 15118 09/02/2019 C-1 Books

JCC Library | Contacts | JCC Home

Last Update on 23 September 2017
Copyright @ 2017-2020 JCC Rouf Library
Rouf Library, Jhenidah Cadet College (JCC), Bangladesh